000 00780nam a2200241Ia 4500
003 GCL
008 140319s9999 xx 000 0 ara d
040 _aGCL /
_cGCL
082 0 4 _aق
_b962.064
_bم ا
100 1 _aمحمد حسنين هيكل
245 1 0 _aالانفجار 1967 :
_bحرب الثلاثين سنة /
_cمحمد حسنين هيكل
260 _aالقاهرة :
_bمركز الاهرام للترجمة والنشر ،
_c1990
300 _a1089 ص
490 _a
650 0 4 _aالعصر الحديث
650 0 4 _aمصر
650 0 4 _aتاريخ
650 0 4 _aالاحوال السياسية
650 0 4 _aالعلاقات الخارجية
650 0 4 _aحرب يونيو 1967 - مصر
650 0 4 _aجمال عبدالناصر
942 _2ddc
_cBK
999 _c31081
_d31081